000 00601nam a2200241Ia 4500
003 OSt
005 20221007101227.0
006 a|||||r|||| 00| 0
007 ta
008 221006b |||||||| |||| 00| 0 eng d
024 _a6,070
037 _cTextual
040 _aLCO
_cLCO
_beng
041 _2eng
_aeng
082 _aV2:2, L3
100 _aDAYAL S
_9702621
245 0 _aConstitution of India.(In Hindi)
260 _aAllahabad
_bAllah. Law Agency
_c1973
300 _a527
650 _aCONSTITUTION
942 _hV2:2, L3
_cTEXL
999 _c1175633
_d1175633